Most Downloaded Apps Worldwide (2024) - Statistics

General Stats
  • This quiz has been taken 60 times
  • The average score is 5 of 10
Answer Stats
Downloads (mm) App % Correct
773 Tiktok
94%
759 Instagram
92%
302 Snapchat
88%
571 Facebook
81%
427 WhatsApp
67%
409 Telegram
35%
278 ChatGPT
19%
438 Temu
19%
361 CapCut
13%
322 Threads
8%
No matching quizzes found
Score Distribution
Percent of People with Each Score
Percentile by Number Answered
Your Score History
You have not taken this quiz